| 000 | 00781cam a22002531 4500 | ||
|---|---|---|---|
| 001 | 12045 | ||
| 003 | BD-RjUL | ||
| 005 | 20211208235227.0 | ||
| 008 | 140128s1965 caua b 000 0 eng | ||
| 035 | _a(BD-RjUL)12094 | ||
| 040 |
_aDLC _cDLC _dDLC _beng |
||
| 041 | _aeng | ||
| 082 | 0 | 0 |
_a574.87 _bLIV |
| 245 | 1 | 4 |
_aThe living cell; _breadings from Scientific American. _cWith introductions by Donald Kennedy. |
| 260 |
_aSan Francisco : _bW. H. Freeman , _cc1965. |
||
| 300 |
_a296 p. : _billus. (part col.) ; _c29 cm. |
||
| 490 | 0 | _aFreeman books in biology | |
| 504 | _a"Biographical notes and bibliographies": p. [209]-296. | ||
| 650 | 0 |
_aCytology. _937331 |
|
| 700 | 1 |
_aKennedy, Donald, _d1931- _937155 |
|
| 942 |
_2ddc _cBK |
||
| 999 |
_c12045 _d12045 |
||